Think : (Record no. 8308)

MARC details
000 -LEADER
fixed length control field 02256cam a22004218i 4500
001 - CONTROL NUMBER
control field 490077378
003 - CONTROL NUMBER IDENTIFIER
control field OCoLC
005 - DATE AND TIME OF LATEST TRANSACTION
control field 20191012125238.0
008 - FIXED-LENGTH DATA ELEMENTS--GENERAL INFORMATION
fixed length control field 091208s2010 ilu b 001 0 eng
010 ## - LIBRARY OF CONGRESS CONTROL NUMBER
LC control number 2009051489
020 ## - INTERNATIONAL STANDARD BOOK NUMBER
International Standard Book Number 9781433520716 (tpb)
020 ## - INTERNATIONAL STANDARD BOOK NUMBER
International Standard Book Number 1433520710 (tpb)
020 ## - INTERNATIONAL STANDARD BOOK NUMBER
International Standard Book Number 9781433520723 (hb)
020 ## - INTERNATIONAL STANDARD BOOK NUMBER
International Standard Book Number 1433520729 (hb)
020 ## - INTERNATIONAL STANDARD BOOK NUMBER
International Standard Book Number 9781433520730 (mobipocket)
020 ## - INTERNATIONAL STANDARD BOOK NUMBER
International Standard Book Number 1433520737 (mobipocket)
020 ## - INTERNATIONAL STANDARD BOOK NUMBER
International Standard Book Number 9781433520747 (ebk)
020 ## - INTERNATIONAL STANDARD BOOK NUMBER
International Standard Book Number 1433520745 (ebk)
035 ## - SYSTEM CONTROL NUMBER
System control number (OCoLC)490077378
040 ## - CATALOGING SOURCE
Original cataloging agency DLC
Language of cataloging eng
Description conventions rda
Transcribing agency DLC
Modifying agency YDXCP
-- DTM
-- SGB
050 00 - LIBRARY OF CONGRESS CALL NUMBER
Classification number BV4598.4
Item number .P56 2010
082 00 - DEWEY DECIMAL CLASSIFICATION NUMBER
Classification number 230.01
Edition number 22
Item number P665T
092 ## - LOCALLY ASSIGNED DEWEY CALL NUMBER (OCLC)
Classification number 230.01
Item number P66t
100 1# - MAIN ENTRY--PERSONAL NAME
Personal name Piper, John,
Dates associated with a name 1946-
Authority record control number or standard number http://id.loc.gov/authorities/names/n78072014
245 10 - TITLE STATEMENT
Title Think :
Remainder of title the life of the mind and the love of God /
Statement of responsibility, etc. John Piper.
264 #1 - PRODUCTION, PUBLICATION, DISTRIBUTION, MANUFACTURE, AND COPYRIGHT NOTICE
Place of production, publication, distribution, manufacture Wheaton, Ill. :
Name of producer, publisher, distributor, manufacturer Crossway,
Date of production, publication, distribution, manufacture, or copyright notice [2010]
264 #4 - PRODUCTION, PUBLICATION, DISTRIBUTION, MANUFACTURE, AND COPYRIGHT NOTICE
Date of production, publication, distribution, manufacture, or copyright notice ©2010
300 ## - PHYSICAL DESCRIPTION
Extent 222 pages ;
Dimensions 21 cm
336 ## - CONTENT TYPE
Content type term text
Content type code txt
Source rdacontent
337 ## - MEDIA TYPE
Media type term unmediated
Media type code n
Source rdamedia
338 ## - CARRIER TYPE
Carrier type term volume
Carrier type code nc
Source rdacarrier
504 ## - BIBLIOGRAPHY, ETC. NOTE
Bibliography, etc. note Includes bibliographical references and indexes.
505 0# - FORMATTED CONTENTS NOTE
Formatted contents note Foreword / Mark A. Noll -- My pilgrimage -- Deep help from a dead friend -- Reading as thinking -- Mental adultery is no escape -- Rational gospel, spiritual light -- Love for God : treasuring God with all your mind -- Jesus meets the relativists -- The immorality of relativism -- Unhelpful anti-intellectual impulses in our history -- You have hidden these things from the wise and understanding -- In the wisdom of God the world did not know God through wisdom -- The knowledge that loves -- All scholarship for the love of God and man -- A final plea.
520 ## - SUMMARY, ETC.
Summary, etc. Piper urges us to think for the glory of God. He demonstrates from Scripture that glorifying God with our minds and hearts is not either-or, but both-and. Thinking carefully about God fuels passion and affections for God. Likewise, Christ-exalting emotion leads to disciplined thinking. --from publisher description
650 #0 - SUBJECT ADDED ENTRY--TOPICAL TERM
Topical term or geographic name entry element Thought and thinking
General subdivision Religious aspects
-- Christianity.
Authority record control number or standard number http://id.loc.gov/authorities/subjects/sh2010116510
650 #0 - SUBJECT ADDED ENTRY--TOPICAL TERM
Topical term or geographic name entry element Learning and scholarship
General subdivision Religious aspects
-- Christianity.
942 ## - ADDED ENTRY ELEMENTS (KOHA)
Source of classification or shelving scheme Dewey Decimal Classification
Koha item type Books
Holdings
Withdrawn status Lost status Source of classification or shelving scheme Damaged status Not for loan Collection code Home library Current library Date acquired Total Checkouts Full call number Barcode Date last seen Price effective from Koha item type
    Dewey Decimal Classification     Non-fiction Harvest Mission College Harvest Mission College 12.10.2019   230.01 P665T 009441 12.10.2019 12.10.2019 Books

OPAC Designed and Maintained by HMC Library Team.
Copyright © HMC Library,Greater Noida, UP.
For any Suggestions/Query Contact library via Email:libhmc@gmail.com